Θεωρήσεις του φύλου στην ανθρωπολογία και την ιστορία

Αποθηκεύτηκε σε:
Λεπτομέρειες βιβλιογραφικής εγγραφής
Άλλοι συγγραφείς: Καντσά, Βενετία (edtf), Γαλανή-Μουτάφη, Βασιλική (edtf), Παπαταξιάρχης, Eυθύμιος, 1954- (Επιμελητής έκδοσης)
Μορφή: Βιβλίο
Γλώσσα:Greek
Δημοσίευση: Αθήνα : Αλεξάνδρεια, 2011.
Σειρά:Ανθρωπολογία (Αλεξάνδρεια)
Θέματα:
Ετικέτες: Προσθήκη ετικέτας
Δεν υπάρχουν, Καταχωρήστε ετικέτα πρώτοι!

MARC

LEADER 00000cam a2200000 i 4500
001 1/30662
008 130531s2011 gr | ||| |||| ||gre||
020 |a 9789602215357 
035 |l 10114598 
040 |a GR-MY-UA  |b gr  |e aacr 
041 0 |a gre 
082 7 |a 305.3   |2 (22) 
245 0 0 |a Θεωρήσεις του φύλου στην ανθρωπολογία και την ιστορία /   |c επιμέλεια: Βενετία Καντσά, Βασιλική Μουτάφη, Ευθύμιος Παπαταξιάρχης.  
246 3 3 |a Μελέτες για το φύλο στην ανθρωπολογία και την ιστορία  
260 |a Αθήνα :   |b Αλεξάνδρεια,   |c 2011.  
300 |a 347 σ. ;   |c 24 εκ.  
490 1 |a (Ανθρωπολογία / Αλεξάνδρεια)  
500 |a Το βιβλίο κυκλοφορεί επίσης και με τον τίτλο : Μελέτες για το φύλο στην ανθρωπολογία και την ιστορία.  
650 0 0 |a Gender identity. 
650 0 0 |a Sex role. 
700 1 |a Καντσά, Βενετία,  |e edtf 
700 1 |a Γαλανή-Μουτάφη, Βασιλική,  |e edtf 
700 1 |a Παπαταξιάρχης, Eυθύμιος,   |d 1954-  |e edt 
787 0 8 |t Μελέτες για το φύλο στην ανθρωπολογία και την ιστορία /  
830 0 |a Ανθρωπολογία (Αλεξάνδρεια) 
852 |a INST  |b LESVOS  |c EUDOXUS  |e 20130531  |h 305.3 ΘΕΩ  |p 005100052486  |q 005100052486  |t EDX  |y 0 
852 |a INST  |b LESVOS  |c EUDOXUS  |e 20130531  |h 305.3 ΘΕΩ  |p 005100052487  |q 005100052487  |t EDX  |y 4  |x 20200313 
852 |a INST  |b LESVOS  |c EUDOXUS  |e 20130531  |h 305.3 ΘΕΩ  |p 005100052488  |q 005100052488  |t EDX  |y 0 
852 |a INST  |b LESVOS  |c EUDOXUS  |e 20130531  |h 305.3 ΘΕΩ  |p 005100052489  |q 005100052489  |t EDX  |y 0 
901 |a BIBL1-2013-2 
909 |a Λ  |b 179160 
909 |a Λ  |b 179159 
909 |a Λ  |b 179158 
909 |a Λ  |b 179157 
920 |a ΕΥΔΟΞΟΣ  |b ΠΑΡΑΓΓΕΛΙΑ  |y Λέσβος-ΤΚΑΙ  |z 2013-04 
970 |a ΤΖΑΦΕΡΗ  |b ΕΥΑΓΓΕΛΙΑ  |z 2013/05/31